[Event "Open International Jeunes de Saint-Lô"]
[Site "?"]
[Date "2013.07.08"]
[Round "2.14"]
[White "Jamar, Vadim"]
[Black "Khenfir, Hélène"]
[Result "1-0"]
[WhiteElo "1805"]
[BlackElo "1507"]
[PlyCount "79"]
[SourceDate "2013.07.07"]

1. e4 c6 2. Ne2 d5 3. e5 Bf5 4. Ng3 Bg6 5. h4 h6 6. h5 Bh7 7. e6 fxe6 8. d4 Nf6
9. Bd3 Qa5+ 10. c3 Nbd7 11. f4 O-O-O 12. Bxh7 Rxh7 13. Qd3 c5 14. O-O c4 15.
Qc2 Qb6 16. Kh1 Qc6 17. Nd2 Nb6 18. Re1 Rd6 19. Nf3 Qa4 20. Qb1 Rh8 21. Ne5 Qe8
22. Ng6 Rg8 23. Qc2 Qf7 24. Qe2 Nfd7 25. b3 a5 26. Qc2 Nf6 27. Ba3 Rc6 28. Ne5
cxb3 29. axb3 Qe8 30. Nxc6 Qxc6 31. Qe2 Kd7 32. Bc5 Nc8 33. b4 b6 34. b5 Qc7
35. Qxe6+ Ke8 36. Ba3 Rh8 37. Nf5 Kd8 38. Re5 Nxh5 39. Rxd5+ Ke8 40. Qg6# 1-0

[Event "Open International Jeunes de Saint-Lô"]
[Site "?"]
[Date "2013.07.08"]
[Round "2.15"]
[White "De Querize, Andeol"]
[Black "Niepceron, Luc"]
[Result "0-1"]
[WhiteElo "1500"]
[BlackElo "1800"]
[PlyCount "78"]
[SourceDate "2013.07.07"]

1. d4 Nf6 2. Nc3 d5 3. Bg5 g6 4. Nf3 Bg7 5. e3 O-O 6. Bd3 Nbd7 7. O-O c5 8. Rb1
b6 9. e4 cxd4 10. Nxd5 Bb7 11. Nxf6+ Nxf6 12. Qe2 Nd7 13. Nd2 Rc8 14. f4 Nc5
15. f5 Nxd3 16. cxd3 Qd6 17. Bf4 e5 18. Bg5 f6 19. Bh4 g5 20. Be1 Rc2 21. Nc4
Rxe2 22. Nxd6 Ba6 23. Rf3 Rd8 24. Kf1 Rc2 25. Nc4 Bxc4 26. dxc4 Rxc4 27. b3 Rc2
28. a4 d3 29. Bb4 Re2 30. Rd1 Rxe4 31. Bc3 Rf4 32. Rxf4 gxf4 33. g3 fxg3 34.
hxg3 Bh6 35. a5 b5 36. Kf2 e4 37. Bd2 Bf8 38. b4 Rd4 39. Ke3 Rc4 0-1

[Event "Open International Jeunes de Saint-Lô"]
[Site "?"]
[Date "2013.07.08"]
[Round "3.1"]
[White "Carlier, Nathan"]
[Black "Macon, Arthur"]
[Result "1/2-1/2"]
[WhiteElo "1467"]
[BlackElo "2140"]
[PlyCount "140"]
[EventDate "2013.07.09"]
[SourceDate "2013.07.07"]

1. e4 c6 2. d4 d5 3. exd5 cxd5 4. c3 Nc6 5. Bd3 Qc7 6. Be3 Nf6 7. Nd2 Bg4 8.
Qc2 e6 9. Ngf3 Be7 10. O-O Bh5 11. Bb5 O-O 12. Bg5 Rfc8 13. Bxc6 Qxc6 14. Ne5
Qc7 15. Rfe1 Bg6 16. Nxg6 hxg6 17. Qd3 Rab8 18. Bxf6 Bxf6 19. Qg3 Qxg3 20. hxg3
b5 21. a3 a5 22. Nf3 Kf8 23. Kf1 b4 24. axb4 axb4 25. Rec1 bxc3 26. Rxc3 Rxc3
27. bxc3 Rc8 28. Rc1 g5 29. g4 Rc4 30. Ke2 Bd8 31. Kd3 Ba5 32. Ne5 Ra4 33. Rh1
Kg8 34. Nc6 Ra3 35. Rc1 Bc7 36. Rc2 g6 37. Rb2 Ra1 38. Rb7 Bd6 39. Nd8 f6 40.
Nxe6 Re1 41. Nc5 Rd1+ 42. Ke2 Rg1 43. Rd7 Bf8 44. Rxd5 Rxg2 45. Kf3 Rh2 46. Ne4
Be7 47. c4 Kf7 48. Rb5 Rh3+ 49. Ke2 Ra3 50. d5 f5 51. gxf5 gxf5 52. Nd2 Rc3 53.
Rb3 Rc1 54. Kd3 Bc5 55. f3 Kf6 56. Rb1 Rxb1 57. Nxb1 g4 58. fxg4 fxg4 59. Nd2
Ke5 60. Ne4 Bf8 61. Nf2 g3 62. Nh3 Bc5 63. Ke2 Ke4 64. Kf1 Kd4 65. Kg2 Bd6 66.
Kf3 Kxc4 67. Ng1 Kd3 68. Ne2 Kc4 69. Nxg3 Bxg3 70. Kxg3 Kxd5 1/2-1/2

[Event "Open International Jeunes de Saint-Lô"]
[Site "?"]
[Date "2013.07.08"]
[Round "3.2"]
[White "Fernandez, Leon"]
[Black "Grigorian, Roudolph"]
[Result "0-1"]
[WhiteElo "1420"]
[BlackElo "2064"]
[PlyCount "94"]
[EventDate "2013.07.09"]
[SourceDate "2013.07.07"]

1. e4 e5 2. Nf3 Nc6 3. Bb5 Nf6 4. O-O Nxe4 5. Re1 Nd6 6. Bxc6 dxc6 7. Nxe5 Be7
8. d4 O-O 9. Nc3 Nf5 10. Be3 Be6 11. Qd2 Bf6 12. Nf3 h6 13. Rad1 Re8 14. h3 b6
15. a3 Ne7 16. Bxh6 gxh6 17. Qxh6 Bg7 18. Qg5 Nf5 19. Qh5 Qf6 20. Rd3 Qg6 21.
Qxg6 fxg6 22. g4 Nd6 23. Ng5 Bc4 24. Rxe8+ Rxe8 25. Re3 Bxd4 26. Rxe8+ Nxe8 27.
Nge4 Nf6 28. b3 Bd5 29. Nxf6+ Bxf6 30. Nxd5 cxd5 31. Kf1 Kf7 32. Ke2 Ke6 33.
Kd3 Bg5 34. Kd4 c5+ 35. Kd3 Ke5 36. Ke2 Kf4 37. a4 Bf6 38. c4 d4 39. Kd3 Kf3
40. Kd2 Kxf2 41. h4 Bxh4 42. Kd1 Ke3 43. Kc1 Ke2 44. Kc2 d3+ 45. Kc1 d2+ 46.
Kc2 d1=Q+ 47. Kc3 Bf6# 0-1

[Event "Open International Jeunes de Saint-Lô"]
[Site "?"]
[Date "2013.07.08"]
[Round "3.3"]
[White "Monpeurt, Cyrielle"]
[Black "Girault, Simon"]
[Result "1-0"]
[WhiteElo "2043"]
[BlackElo "1782"]
[PlyCount "47"]
[EventDate "2013.07.09"]
[SourceDate "2013.07.07"]

1. e4 c6 2. d4 d5 3. Nc3 dxe4 4. Nxe4 Bf5 5. Ng3 Bg6 6. h4 h6 7. Nh3 Nf6 8. Nf4
Bh7 9. Bc4 b5 10. Bb3 a5 11. a3 Nd5 12. O-O e6 13. Re1 Nxf4 14. Bxf4 Qxh4 15.
Qf3 Kd7 16. Bxb8 Rxb8 17. Qxf7+ Qe7 18. Bxe6+ Kd8 19. Qf3 Qc7 20. d5 c5 21. d6
Qb7 22. Bd5 Qc8 23. Rad1 Bxd6 24. Be6 1-0

[Event "Open International Jeunes de Saint-Lô"]
[Site "?"]
[Date "2013.07.08"]
[Round "3.4"]
[White "Lenoel, Marine"]
[Black "Georget, Aymeric"]
[Result "1-0"]
[WhiteElo "1951"]
[BlackElo "1481"]
[PlyCount "55"]
[SourceDate "2013.07.07"]

1. e4 c5 2. Nc3 Nc6 3. g3 g6 4. Bg2 Bg7 5. d3 e6 6. f4 d6 7. Nf3 Nge7 8. O-O a6
9. Nh4 Nd4 10. Ne2 Ndc6 11. g4 Ng8 12. Nf3 h5 13. g5 Nge7 14. Nh4 Bd7 15. Ng3
Qc8 16. c3 Rb8 17. Qe2 Rg8 18. f5 exf5 19. exf5 Be5 20. f6 Nf5 21. Ngxf5 gxf5
22. Bxc6 Bxc6 23. Nxf5 Qe6 24. Nxd6+ Qxd6 25. Rf5 Kd7 26. Qxe5 Qxd3 27. Bf4 Qd5
28. Qe7+ 1-0

[Event "Open International Jeunes de Saint-Lô"]
[Site "?"]
[Date "2013.07.08"]
[Round "3.5"]
[White "Borm, Bart"]
[Black "Pigeat, Alexandre"]
[Result "0-1"]
[WhiteElo "1387"]
[BlackElo "1942"]
[PlyCount "80"]
[SourceDate "2013.07.07"]

1. e4 c5 2. Nf3 e6 3. d4 cxd4 4. c3 dxc3 5. Nxc3 d6 6. Bc4 a6 7. Be3 Nc6 8. O-O
Be7 9. Qb3 Na5 10. Qb4 Nxc4 11. Qxc4 Nf6 12. Rad1 O-O 13. e5 Ne8 14. Qg4 f5 15.
Qg3 Qc7 16. Bf4 d5 17. Bg5 Bb4 18. Rc1 Qd7 19. Ne2 Kh8 20. Nf4 Qf7 21. Qh3 Kg8
22. Bd8 Be7 23. Bxe7 Qxe7 24. Qg3 g6 25. h4 Rf7 26. Ng5 Rg7 27. Rxc8 Rxc8 28.
Nfxe6 h6 29. Nxg7 Nxg7 30. Nf3 Kh7 31. Rd1 Nh5 32. Qh2 Rc2 33. Rb1 Qc5 34. g3
d4 35. Kg2 d3 36. Qg1 d2 37. Rd1 Qd5 38. Qf1 Rxb2 39. a4 Qe4 40. a5 Ng7 0-1

[Event "Open International Jeunes de Saint-Lô"]
[Site "?"]
[Date "2013.07.08"]
[Round "3.6"]
[White "Fayad, Erwan"]
[Black "Rigaud, Titouan"]
[Result "1-0"]
[WhiteElo "1938"]
[BlackElo "1353"]
[PlyCount "45"]
[SourceDate "2013.07.07"]

1. e4 c6 2. d4 d5 3. exd5 cxd5 4. Bd3 Nc6 5. c3 Nf6 6. h3 g6 7. Bf4 Bg7 8. Nf3
O-O 9. O-O Bd7 10. Nbd2 Qc8 11. Qc2 Re8 12. Rfe1 Nh5 13. Bh2 e5 14. dxe5 Nxe5
15. Nxe5 Bxe5 16. Rxe5 Rxe5 17. Bxe5 Bxh3 18. gxh3 Qxh3 19. Nf1 Re8 20. Bg3 Re6
21. Qd2 Nxg3 22. Nxg3 h5 23. Qg5 1-0

[Event "Open International Jeunes de Saint-Lô"]
[Site "?"]
[Date "2013.07.08"]
[Round "3.7"]
[White "Mouthuy, Jacky-Long"]
[Black "Cogan, Nicolas"]
[Result "0-1"]
[WhiteElo "1366"]
[BlackElo "1922"]
[PlyCount "74"]
[SourceDate "2013.07.07"]

1. e4 e6 2. d4 d5 3. e5 c5 4. Nf3 Nc6 5. c3 Qb6 6. b3 Bd7 7. Bb2 f6 8. Be2 Be7
9. Na3 cxd4 10. cxd4 Bxa3 11. Bxa3 Qa5+ 12. Qd2 Qxa3 13. O-O Qb4 14. Qb2 Nge7
15. Rac1 O-O 16. Rfd1 Nf5 17. a3 Qb6 18. Rc5 fxe5 19. Rb5 Qc7 20. dxe5 a6 21.
Rc5 Qb6 22. b4 a5 23. Rb5 Qd8 24. g4 Nh4 25. Nd2 Qg5 26. Rxb7 Nxe5 27. Qc3 axb4
28. axb4 Ra2 29. Rc7 d4 30. Qxd4 Bc6 31. b5 Rxd2 32. Qa7 Rxd1+ 33. Bxd1 Nhf3+
34. Bxf3 Nxf3+ 35. Kf1 Bxb5+ 36. Kg2 Qxg4+ 37. Kh1 Qg1# 0-1

[Event "Open International Jeunes de Saint-Lô"]
[Site "?"]
[Date "2013.07.09"]
[Round "3.8"]
[White "Le Bris, Yann"]
[Black "Tocque, Alexis"]
[Result "1-0"]
[WhiteElo "1910"]
[BlackElo "1342"]
[PlyCount "67"]
[SourceDate "2013.07.07"]

1. e4 e5 2. Nf3 Nc6 3. Bb5 d6 4. d4 f6 5. d5 a6 6. Ba4 b5 7. dxc6 bxa4 8. c4
Ne7 9. Qxa4 g6 10. Nc3 f5 11. Bg5 Be6 12. Bf6 Rg8 13. Ng5 h6 14. Nxe6 Qc8 15.
Bxe7 Bxe7 16. Nd5 Ra7 17. Nexc7+ Rxc7 18. Nxc7+ Qxc7 19. Qxa6 f4 20. b4 Kf7 21.
b5 Qc8 22. Qxc8 Rxc8 23. a4 g5 24. a5 Kg6 25. b6 Rxc6 26. b7 Rxc4 27. b8=Q
Rxe4+ 28. Kf1 Kf5 29. Qg8 Rd4 30. a6 Bf6 31. a7 e4 32. a8=Q g4 33. Qac8+ Ke5
34. Qge6# 1-0

[Event "Open International Jeunes de Saint-Lô"]
[Site "?"]
[Date "2013.07.08"]
[Round "3.10"]
[White "Nolot, Clémentine"]
[Black "Duchossoir, Anatole"]
[Result "1-0"]
[WhiteElo "1853"]
[BlackElo "1290"]
[PlyCount "41"]
[SourceDate "2013.07.07"]

1. e4 e5 2. Nf3 Nc6 3. Bc4 Bc5 4. c3 f6 5. d4 Bb6 6. O-O Nge7 7. dxe5 Nxe5 8.
Nxe5 fxe5 9. Qh5+ Ng6 10. Bg5 Qxg5 11. Qxg5 Rf8 12. Nd2 c6 13. Nf3 Bc5 14. Nxe5
Nxe5 15. Qxe5+ Be7 16. Rad1 b5 17. Bb3 Ba6 18. Rd2 Rf6 19. Rfd1 Rd8 20. Qh5+
Rg6 21. Qxh7 1-0

[Event "Open International Jeunes de Saint-Lô"]
[Site "?"]
[Date "2013.07.08"]
[Round "3.11"]
[White "Sokalau, Andrei"]
[Black "Jamar, Vadim"]
[Result "0-1"]
[WhiteElo "1199"]
[BlackElo "1805"]
[PlyCount "114"]
[SourceDate "2013.07.07"]

1. e4 c5 2. Nf3 e6 3. Nc3 Nc6 4. d4 cxd4 5. Nxd4 Qc7 6. Ndb5 Qb8 7. Bc4 a6 8.
Nd4 Qc7 9. Nf3 Nf6 10. O-O Be7 11. Re1 b5 12. Bb3 d6 13. a3 Bb7 14. Bg5 O-O 15.
Qe2 Rad8 16. Rad1 h6 17. Bh4 Rfe8 18. h3 b4 19. axb4 Nxb4 20. Qd2 d5 21. Bg3
Qb6 22. exd5 Nbxd5 23. Nxd5 Nxd5 24. Ne5 Bb4 25. c3 Bd6 26. Qc2 Qa7 27. Bxd5
Bxd5 28. c4 Rc8 29. b3 f6 30. Qd3 fxe5 31. cxd5 e4 32. Qe3 Qxe3 33. Rxe3 Bxg3
34. fxg3 Red8 35. Rxe4 exd5 36. Red4 Rc5 37. Kf2 Kf7 38. Ke3 Ke6 39. g4 Rc3+
40. R1d3 Rxd3+ 41. Kxd3 Rb8 42. b4 g5 43. g3 Ke5 44. h4 Rf8 45. Ke3 Rf3+ 46.
Kxf3 Kxd4 47. Ke2 Kc3 48. Ke3 d4+ 49. Ke2 d3+ 50. Kd1 d2 51. h5 Kxb4 52. Kxd2
Kc4 53. Ke3 Kd5 54. Kd3 a5 55. Kc3 Ke4 56. Kc4 Kf3 57. Kd5 Kxg3 0-1

[Event "Open International Jeunes de Saint-Lô"]
[Site "?"]
[Date "2013.07.08"]
[Round "3.12"]
[White "Niepceron, Luc"]
[Black "Van Rooden, Sarah"]
[Result "1-0"]
[WhiteElo "1800"]
[BlackElo "1230"]
[PlyCount "77"]
[SourceDate "2013.07.07"]

1. e4 d5 2. exd5 Nf6 3. d4 Nxd5 4. Nf3 Bg4 5. c4 Nb6 6. Nc3 Nc6 7. Be3 e6 8. c5
Nd5 9. Nxd5 Qxd5 10. Be2 Bf5 11. O-O a6 12. a3 Rd8 13. Rc1 Bg4 14. h3 Bh5 15.
b4 e5 16. Bc4 Qd7 17. Nxe5 Bxd1 18. Nxd7 Bh5 19. Ne5 Nxd4 20. Rfe1 f6 21. Bxd4
fxe5 22. Bxe5 Kd7 23. g4 Be8 24. Rcd1+ Kc8 25. Rxd8+ Kxd8 26. Rd1+ Ke7 27. Bxc7
Bc6 28. Rd8 g5 29. Bd5 Bxd5 30. Rxd5 h6 31. Bd6+ Ke6 32. Re5+ Kf6 33. Rf5+ Kg6
34. Rxf8 Rh7 35. Re8 Rf7 36. Re6+ Kh7 37. Re7 Rxe7 38. Bxe7 Kg6 39. Kg2 1-0

[Event "Open International Jeunes de Saint-Lô"]
[Site "?"]
[Date "2013.07.09"]
[Round "3.13"]
[White "Alexandersson, Filip"]
[Black "Fruchard, Cyrille"]
[Result "0-1"]
[WhiteElo "1099"]
[BlackElo "1958"]
[PlyCount "92"]
[SourceDate "2013.07.07"]

1. e4 e6 2. d4 d5 3. e5 c5 4. c3 Nc6 5. Nf3 Qb6 6. Bd3 cxd4 7. cxd4 Bd7 8. Be2
Bb4+ 9. Nc3 Nge7 10. O-O Bxc3 11. bxc3 Na5 12. Ba3 Bb5 13. Rc1 Bxe2 14. Qxe2
Qc6 15. Nd2 Rc8 16. Qe3 h6 17. Rc2 Qa4 18. Rfc1 Qxa3 19. c4 Qxe3 20. fxe3 Nxc4
21. e4 Kd7 22. exd5 Nxd2 23. d6 Nd5 24. Kf2 Rxc2 25. Rxc2 Ne4+ 26. Kf3 Rc8 27.
Rxc8 Ng5+ 28. Ke2 Kxc8 29. Kd3 Kd7 30. h4 Nh7 31. Kc4 Ne3+ 32. Kd3 Nxg2 33. h5
Nf4+ 34. Kc4 Nxh5 35. d5 Nf8 36. a4 g5 37. dxe6+ Kxe6 38. Kb5 g4 39. a5 g3 40.
a6 bxa6+ 41. Kxa6 g2 42. Kxa7 g1=Q+ 43. Kb7 Nd7 44. Ka8 Qb1 45. Ka7 Qb8+ 46.
Ka6 Qb6# 0-1

[Event "Open International Jeunes de Saint-Lô"]
[Site "?"]
[Date "2013.07.08"]
[Round "3.14"]
[White "David, Alexandru"]
[Black "Elgersma, Simon"]
[Result "1-0"]
[WhiteElo "2080"]
[BlackElo "1498"]
[PlyCount "51"]
[SourceDate "2013.07.07"]

1. d4 Nf6 2. c4 g6 3. Nc3 Bg7 4. e4 d6 5. f3 Nbd7 6. Be3 O-O 7. Nge2 e5 8. Qd2
a6 9. d5 Rb8 10. Ba7 Ra8 11. Bf2 Rb8 12. Nc1 Ne8 13. Nd3 c6 14. Be2 c5 15. a3
b5 16. cxb5 axb5 17. b4 c4 18. Nb2 f5 19. O-O f4 20. a4 bxa4 21. Ncxa4 Qg5 22.
Nxc4 Ndf6 23. Kh1 Bh6 24. Nab6 Qh5 25. Nxc8 Nxe4 26. Ne7+ 1-0

[Event "Open International Jeunes de Saint-Lô"]
[Site "?"]
[Date "2013.07.08"]
[Round "3.15"]
[White "Niepceron, Aurélien"]
[Black "Marimoutou, Loïc"]
[Result "0-1"]
[WhiteElo "1527"]
[BlackElo "1936"]
[PlyCount "54"]
[SourceDate "2013.07.07"]

1. e4 e5 2. Nf3 Nc6 3. Bb5 a6 4. Ba4 Nf6 5. O-O b5 6. Bb3 Bc5 7. Re1 d6 8. c3
O-O 9. h3 h6 10. d4 Bb6 11. d5 Na5 12. Nbd2 c6 13. c4 Bb7 14. cxb5 cxd5 15.
bxa6 Rxa6 16. exd5 Nxb3 17. Nxb3 Bxd5 18. Be3 Bxe3 19. Rxe3 Qa8 20. a3 Rb8 21.
Rc1 Rab6 22. Nbd2 Rxb2 23. Nc4 Bxc4 24. Rxc4 Nd5 25. Rd3 Nf4 26. Rxd6 Rb1 27.
Rc1 Rxc1 0-1

[Event "Open International Jeunes de Saint-Lô"]
[Site "?"]
[Date "2013.07.09"]
[Round "4.1"]
[White "Grigorian, Roudolph"]
[Black "Le Bris, Yann"]
[Result "1-0"]
[WhiteElo "2062"]
[BlackElo "1910"]
[PlyCount "89"]
[SourceDate "2013.07.07"]

1. d4 d5 2. c4 Nc6 3. Nc3 dxc4 4. e3 e5 5. d5 Nce7 6. Bxc4 Ng6 7. Qa4+ Bd7 8.
Qb3 Bd6 9. e4 b6 10. g3 a6 11. a4 Nf6 12. f3 Bc8 13. Be3 Nd7 14. Qc2 Qe7 15.
Nge2 Nc5 16. O-O O-O 17. g4 Qd7 18. Nc1 h6 19. b4 Nb7 20. Nd3 Nh4 21. Qf2 g5
22. a5 b5 23. Ba2 Ng6 24. Ne2 Nd8 25. Rac1 f6 26. Ng3 Qe7 27. Nc5 Nf4 28. Bxf4
exf4 29. Ne2 Nf7 30. Nd4 Ne5 31. Qc2 Re8 32. Rf2 Kh8 33. Qd1 Kh7 34. Rfc2 Kh8
35. Qf1 Kh7 36. Rc3 Rh8 37. R1c2 Kg8 38. Nce6 Bxe6 39. Nxe6 Ra7 40. Nxc7 Kh7
41. Ne6 Bxb4 42. Rc7 Rxc7 43. Rxc7 Nd7 44. e5 Qf7 45. Qb1+ 1-0

[Event "Open International Jeunes de Saint-Lô"]
[Site "?"]
[Date "2013.07.09"]
[Round "4.2"]
[White "Cogan, Nicolas"]
[Black "Monpeurt, Cyrielle"]
[Result "1/2-1/2"]
[WhiteElo "1922"]
[BlackElo "2043"]
[PlyCount "100"]
[SourceDate "2013.07.07"]

1. d4 Nf6 2. c4 c5 3. d5 e6 4. Nc3 exd5 5. cxd5 d6 6. e4 g6 7. f4 Bg7 8. Bb5+
Nfd7 9. a4 O-O 10. Nf3 Na6 11. O-O Nb4 12. Re1 a6 13. Bf1 Re8 14. Be3 f5 15.
exf5 gxf5 16. Qd2 Nf6 17. Bf2 Ne4 18. Nxe4 fxe4 19. Ng5 Bf5 20. Rad1 Qf6 21.
Ne6 Bxe6 22. dxe6 Qxe6 23. Qxd6 Qxd6 24. Rxd6 Nc2 25. Rc1 e3 26. Bc4+ Kh8 27.
Rxc2 exf2+ 28. Kxf2 Bd4+ 29. Kf3 Re3+ 30. Kg4 Rf8 31. g3 Re7 32. Re6 Rg7+ 33.
Kf3 b5 34. axb5 axb5 35. Bxb5 Rb7 36. Re8 Rxe8 37. Bxe8 Kg7 38. Ba4 Rxb2 39.
Rxb2 Bxb2 40. Bb3 Kf6 41. g4 h6 42. h4 Bc1 43. g5+ hxg5 44. hxg5+ Kg7 45. Kg4
Bb2 46. Kf5 Bc3 47. Ke4 Bd2 48. Kf5 Ba5 49. g6 Bc3 50. Bf7 Bb2 1/2-1/2

[Event "Open International Jeunes de Saint-Lô"]
[Site "?"]
[Date "2013.07.09"]
[Round "4.3"]
[White "Banzea, Alexandru.Bogdan"]
[Black "Lenoël, Marine"]
[Result "1-0"]
[WhiteElo "1856"]
[BlackElo "1951"]
[PlyCount "94"]
[SourceDate "2013.07.07"]

1. e4 e5 2. Nf3 Nc6 3. Bb5 Bc5 4. O-O d6 5. c3 Bd7 6. d4 exd4 7. cxd4 Bb6 8.
Nc3 Nge7 9. Bg5 O-O 10. h3 f6 11. Be3 Ng6 12. Re1 Kh8 13. g4 f5 14. gxf5 Nge7
15. d5 Ne5 16. Bxd7 Qxd7 17. Bxb6 axb6 18. Nd4 Rg8 19. f4 Nf7 20. Ne6 Nd8 21.
Kh2 Nxe6 22. fxe6 Qe8 23. f5 Rf8 24. Rg1 Ng8 25. a4 Nf6 26. Qe2 Qe7 27. Rac1
Ne8 28. Qg2 Ra5 29. Qg5 Rf6 30. b4 Ra8 31. e5 dxe5 32. Ne4 h6 33. Qh5 Rf8 34.
Ng5 Nd6 35. Qg6 hxg5 36. Rxg5 Nxf5 37. Rxf5 Rxf5 38. Qxf5 Rxa4 39. Rf1 Ra2+ 40.
Kh1 Ra8 41. Qh5+ Kg8 42. Qxe5 Qxb4 43. e7 Qb5 44. Qe6+ Kh7 45. Qf5+ Kg8 46.
Qf7+ Kh8 47. Rg1 Qb2 1-0

[Event "Open International Jeunes de Saint-Lô"]
[Site "?"]
[Date "2013.07.09"]
[Round "4.4"]
[White "Pigeat, Alexandre"]
[Black "Nolot, Clémentine"]
[Result "1-0"]
[WhiteElo "1942"]
[BlackElo "1853"]
[PlyCount "71"]
[SourceDate "2013.07.07"]

1. e4 e5 2. Nf3 Nc6 3. Bb5 a6 4. Ba4 Nf6 5. O-O Be7 6. Re1 b5 7. Bb3 O-O 8. h3
Bb7 9. c3 Re8 10. d4 Bf8 11. Bg5 h6 12. Bh4 d6 13. Nbd2 Na5 14. Bc2 c5 15. b3
cxd4 16. cxd4 Nc6 17. d5 Ne7 18. Bxf6 gxf6 19. Nf1 f5 20. exf5 Nxd5 21. Qd2 Nf4
22. Re3 f6 23. Nh4 d5 24. Rg3+ Kh7 25. Ng6 Nxg6 26. fxg6+ Kg8 27. Ne3 Bg7 28.
Nf5 h5 29. Qe2 Rc8 30. Qxh5 Rc7 31. Qh7+ Kf8 32. Nh6 Bxh6 33. Qxh6+ Ke7 34. Qd2
e4 35. Rd1 Qc8 36. Bxe4 1-0

[Event "Open International Jeunes de Saint-Lô"]
[Site "?"]
[Date "2013.07.09"]
[Round "4.5"]
[White "Jamar, Vadim"]
[Black "Fayad, Erwan"]
[Result "1-0"]
[WhiteElo "1805"]
[BlackElo "1938"]
[PlyCount "69"]
[SourceDate "2013.07.07"]

1. e4 c5 2. d4 cxd4 3. c3 Nf6 4. e5 Nd5 5. Nf3 e6 6. cxd4 Be7 7. a3 Nc6 8. Bd3
Qa5+ 9. Bd2 Ndb4 10. O-O b6 11. Qb3 b5 12. axb4 Qxa1 13. Na3 Qxf1+ 14. Kxf1 a6
15. Nc2 O-O 16. Be4 Bb7 17. Qe3 Rfc8 18. Ng5 h6 19. Nh3 a5 20. Qe2 axb4 21. Qg4
Kh8 22. Qh5 Nd8 23. Bd3 Bf8 24. Nf4 Kg8 25. g4 b3 26. Ne1 Nc6 27. Be3 Ra1 28.
g5 Bb4 29. Nfg2 Ne7 30. gxh6 g6 31. Qg5 Nd5 32. f3 Nxe3+ 33. Qxe3 Rcc1 34. Qg5
Bf8 35. Bxg6 1-0

[Event "Open International Jeunes de Saint-Lô"]
[Site "?"]
[Date "2013.07.09"]
[Round "4.9"]
[White "Macon, Arthur"]
[Black "Niepceron, Luc"]
[Result "1/2-1/2"]
[WhiteElo "2140"]
[BlackElo "1800"]
[PlyCount "126"]
[SourceDate "2013.07.07"]

1. d4 Nf6 2. Nf3 g6 3. Bf4 Bg7 4. e3 d5 5. c3 O-O 6. h3 b6 7. Nbd2 Bb7 8. Be2
Nbd7 9. O-O c5 10. Qb1 Re8 11. b4 cxd4 12. cxd4 Rc8 13. Qb2 Nf8 14. Bb5 N6d7
15. Qa3 a5 16. bxa5 bxa5 17. Nb3 Bc6 18. Bxc6 Rxc6 19. Rac1 Rxc1 20. Rxc1 Ne6
21. Bg3 Qb6 22. Qxa5 Qb7 23. Qc3 Qa6 24. Qc6 Qxc6 25. Rxc6 Ra8 26. Rc2 f6 27.
Ne1 Kf7 28. Nd3 Nb6 29. Nbc5 Nxc5 30. Nxc5 Nc4 31. Nb3 Nd6 32. Bxd6 exd6 33.
Kf1 Ra7 34. Ke2 Ke6 35. Kd2 Bf8 36. Nc1 Be7 37. Nd3 g5 38. Nb4 Bd8 39. Nc6 Ba5+
40. Nxa5 Rxa5 41. g4 f5 42. Kc3 fxg4 43. hxg4 Kd7 44. Kb4 Ra8 45. f4 h6 46. Rh2
Re8 47. fxg5 hxg5 48. Rh7+ Kc6 49. Rh3 Rb8+ 50. Kc3 Ra8 51. Rh5 Ra3+ 52. Kd2
Rxa2+ 53. Kd3 Kd7 54. Rxg5 Ke6 55. Rg6+ Ke7 56. g5 Rg2 57. Rg7+ Ke6 58. Rg6+
Ke7 59. Kc3 Re2 60. Kd3 Rg2 61. Rg7+ Ke6 62. Rg6+ Ke7 63. Rg7+ Ke6 1/2-1/2

[Event "Open International Jeunes de Saint-Lô"]
[Site "?"]
[Date "2013.07.09"]
[Round "4.7"]
[White "Bouvet, Florian"]
[Black "David, Alexandru-Vasile"]
[Result "1/2-1/2"]
[WhiteElo "1768"]
[BlackElo "2080"]
[PlyCount "100"]
[SourceDate "2013.07.07"]

1. e4 c6 2. d4 d5 3. Nc3 dxe4 4. Nxe4 Bf5 5. Ng3 Bg6 6. f4 e6 7. Nf3 Bd6 8. Bd3
Nd7 9. O-O Ne7 10. Qe2 O-O 11. Ng5 Nf6 12. f5 exf5 13. Nxf5 Nxf5 14. Bxf5 Qc7
15. g3 Rae8 16. Qd3 c5 17. Bxg6 hxg6 18. Bf4 cxd4 19. Bxd6 Qxd6 20. Nf3 Re4 21.
c3 Rfe8 22. Nxd4 Qb6 23. Qb5 Qxb5 24. Nxb5 Re2 25. Rab1 Ng4 26. Nd4 R2e3 27.
Rbc1 f5 28. a4 a6 29. Rcd1 Ne5 30. Rfe1 Nc4 31. Rxe3 Rxe3 32. b3 Ne5 33. c4 Kf7
34. Kf2 Ng4+ 35. Kg2 Rxb3 36. Nxb3 Ne3+ 37. Kf3 Nxd1 38. Na5 Nb2 39. Nxb7 Nxa4
40. c5 Ke6 41. c6 Kd5 42. Na5 g5 43. h4 gxh4 44. gxh4 g6 45. Kf4 Nb6 46. Kg5
Kc5 47. Kxg6 f4 48. Nb3+ Kxc6 49. h5 Nd7 50. h6 Nf8+ 1/2-1/2

[Event "Open International Jeunes de Saint-Lô"]
[Site "?"]
[Date "2013.07.09"]
[Round "4.8"]
[White "Fruchard, Cyrille"]
[Black "Dory, Manon"]
[Result "1-0"]
[WhiteElo "1958"]
[BlackElo "1695"]
[PlyCount "133"]
[SourceDate "2013.07.07"]

1. d4 d5 2. c4 e6 3. Nc3 Nf6 4. cxd5 exd5 5. Bg5 Be7 6. e3 h6 7. Bh4 O-O 8. Nf3
Bf5 9. Qb3 c6 10. Qxb7 Nbd7 11. Bg3 Qb6 12. Qxb6 axb6 13. a3 Ne4 14. Nxe4 Bxe4
15. Nd2 Bf5 16. Be2 Bf6 17. Rc1 c5 18. Nb3 c4 19. Nd2 Rfe8 20. Nf3 b5 21. Bd6
g5 22. h3 Nb6 23. Rd1 Rac8 24. O-O Re6 25. Bb4 h5 26. Nh2 Bg6 27. Rd2 Rce8 28.
Bf3 Bg7 29. g4 h4 30. Ba5 Nc8 31. Bxd5 Ra6 32. Bb4 Nd6 33. Bxd6 Rxd6 34. Bf3
Bd3 35. Rc1 Rf6 36. Be2 Be4 37. Ra1 Ra8 38. Rdd1 Rd6 39. Bf3 Bd5 40. Bxd5 Rxd5
41. Rdc1 Bf6 42. a4 bxa4 43. Rxc4 Rda5 44. Rac1 Rb5 45. Rc8+ Rxc8 46. Rxc8+ Kg7
47. Rc4 Rxb2 48. Rxa4 Be7 49. Nf3 Rb1+ 50. Kg2 f6 51. Ra2 Rd1 52. Rd2 Rc1 53.
d5 Kf7 54. Nd4 Rc8 55. Nf5 Rd8 56. Nxe7 Kxe7 57. Kf3 Kf7 58. d6 Ke6 59. Ke4 Rd7
60. Rd4 Rd8 61. d7 Rxd7 62. Rxd7 Kxd7 63. Kf5 Ke7 64. f4 gxf4 65. exf4 Kf7 66.
g5 fxg5 67. Kxg5 1-0

[Event "Open International Jeunes de Saint-Lô"]
[Site "?"]
[Date "2013.07.09"]
[Round "4.9"]
[White "Marimoutou, Loïc"]
[Black "Guerlach, Keigo"]
[Result "1-0"]
[WhiteElo "1936"]
[BlackElo "1730"]
[PlyCount "77"]
[SourceDate "2013.07.07"]

1. e4 e5 2. Nf3 Nf6 3. Nxe5 d6 4. Nf3 Nxe4 5. Nc3 Nxc3 6. dxc3 Be7 7. Be3 Nd7
8. Qd2 Nf6 9. Bd3 Be6 10. O-O-O Qd7 11. Nd4 a6 12. Kb1 O-O-O 13. Nxe6 fxe6 14.
Rhe1 Kb8 15. c4 Ng4 16. Be2 Nxe3 17. Qxe3 e5 18. Bf3 Qa4 19. Qe4 c6 20. Rd3 Qa5
21. Rb3 Rc8 22. Rd1 Qc7 23. Be2 Ka8 24. Bg4 Rcd8 25. Bf3 Rc8 26. Qe2 Rhd8 27.
Rbd3 Rf8 28. Be4 g6 29. a3 Qb6 30. f3 Qc7 31. b4 Rb8 32. Rb3 b5 33. cxb5 axb5
34. c4 bxc4 35. Qxc4 Rb6 36. b5 Rfb8 37. Rdd3 Kb7 38. Bxc6+ Kc8 39. Qe6+ 1-0

[Event "Open International Jeunes de Saint-Lô"]
[Site "?"]
[Date "2013.07.09"]
[Round "4.10"]
[White "Aghamir Alrobiai, Nizar"]
[Black "Muller, David"]
[Result "1-0"]
[WhiteElo "1773"]
[BlackElo "1932"]
[PlyCount "67"]
[SourceDate "2013.07.07"]

1. e4 e5 2. Nf3 Nf6 3. Nxe5 d6 4. Nf3 Nxe4 5. d4 d5 6. Bd3 Nc6 7. O-O Bg4 8.
Re1 Be7 9. Be3 O-O 10. a3 f5 11. c4 dxc4 12. Bxc4+ Kh8 13. Be2 Bf6 14. Nc3 Re8
15. Qb3 Nd6 16. Rad1 g5 17. d5 Bxf3 18. Bxf3 Ne5 19. Bh5 Rg8 20. Bd4 Nd7 21.
Nb5 Bxd4 22. Nxd4 Nc5 23. Qb4 Nce4 24. Ne6 Qe7 25. Bf3 c5 26. Nxc5 Rge8 27.
Nxe4 Nxe4 28. Qxe7 Rxe7 29. Bxe4 Rxe4 30. Rxe4 fxe4 31. Kf1 Rc8 32. d6 Kg7 33.
d7 Rd8 34. Ke2 1-0